000 nam a22 7a 4500
999 _c29581
_d29581
008 180420b xxu||||| |||| 00| 0 eng d
020 _a9781308137858
050 _aGF 1 .P75 2014
100 _aPrice, Frank.
245 _aHuman ecology:
260 _aUSA:
_bMc graw hill,
_c2014.
300 _av, 440p.:
_bill.;
_c28cm.
500 _aInclude index.
650 _aHuman ecology.
942 _2lcc
_cBOOKS
_hGF 1 .P75 2014